| 000 | 00393nam a2200145Ia 4500 | ||
|---|---|---|---|
| 008 | 151015s9999 xx 000 0 und d | ||
| 020 | _a1855734672 | ||
| 050 | _aTP248.65.F782002 | ||
| 245 | _aValpuesta Victoriano | ||
| 250 | _a_Fruit and vegetable biotechnology | ||
| 300 | _aUSA CRC Press 2004 | ||
| 500 | _aIncludes Index | ||
| 650 | _a_Fruits | ||
| 700 | _a^d20110106 10:04:49^okilerai | ||
| 999 |
_c464 _d464 |
||